我的天才夢

資料類型: Book 圖書   書目號:30103

Leader xxxxxxxxxx
001 __ PCLIS00030103
005 __ 20220208140958.0
010 0_ |a957-33-1879-2|b平裝|dNT$200
100 __ |a20010501d2002    m  y0chiy09      e
101 0_ |achi
102 __ |atw
105 __ |ay   z   000cy
200 __ |a我的天才夢|f侯文詠著
205 __ |a初版
210 __ |a臺北市|c皇冠文化|d2002[民91]
215 0_ |a218面|d21公分
225 2_ |a侯文詠作品|v9
225 1_ |a皇冠叢書|v第3195種
306 __ |a2002年6刷
410 _1 |12001 |a侯文詠作品|v9
681 __ |a855|b8966
700 _1 |a|b文詠|4801 _0 |atw|b內湖高中|c20021125|gCCR
801 _2 |atw|b內湖高中|c20220208|gCCR
詳細館藏(共 1 筆)
索 書 號登 錄 號冊次號館別 / 館藏地流通類型狀態加入預約清單電子資源
855 / 8966 1013344  圖書館 / 一樓普通區 可外借30天 在館   

| 條列資料




目錄查詢 分類查詢 個人資料 圖書薦購 新書查詢 閉館日 排行榜 更多電子資源 Hami書城 線上資料庫 登出

From : 216.73.216.116

  本日流通累計至 13:59:46 借閱 : 6 次 續借 : 0 次 歸還 : 9 次 預約 : 0 次 電子資源 : 0 次


內湖高中圖書館  PCLIS 版本  25.5.0.2